¿Qué tan universidad es nuestra universidad? (Record no. 79602)

MARC details
000 -CABECERA
campo de control de longitud fija 00670nam a2200217 a 4500
005 - FECHA Y HORA DE LA ÚLTIMA TRANSACCIÓN
campo de control 20210219153538.0
008 - ELEMENTOS DE LONGITUD FIJA--INFORMACIÓN GENERAL
campo de control de longitud fija 991125n 000 0 spa u
035 ## - NÚMERO DE CONTROL DEL SISTEMA
Número de control de sistema UPN01000105675
100 ## - ASIENTO PRINCIPAL--NOMBRE PERSONAL
Nombre de persona LUCIO A., Ricardo
222 ## - TÍTULO CLAVE
Título clave EDUCACION Y CULTURA :
Información calificativa REVISTA DEL CENTRO DE ESTUDIOS DE INVESTIGACION DOCENTES DE LA FEDERACION COLOMBIANA DE EDUCADORES
245 ## - MENCIÓN DE TÍTULO
Título ¿Qué tan universidad es nuestra universidad?
300 ## - DESCRIPCIÓN FÍSICA
Extensión 55-61
362 ## - FECHAS DE PUBLICACIÓN Y/O DESIGNACIÓN SECUENCIAL
Fecha de publicación y/o designación secuencial 1992 No. 27, ago.
653 0# - TERMINO DE INDIZACION - NO CONTROLADO
Término no controlado COLOMBIA
653 0# - TERMINO DE INDIZACION - NO CONTROLADO
Término no controlado EDUCACION SUPERIOR
653 0# - TERMINO DE INDIZACION - NO CONTROLADO
Término no controlado POLITICA EDUCATIVA
653 0# - TERMINO DE INDIZACION - NO CONTROLADO
Término no controlado SISTEMA EDUCATIVO
653 0# - TERMINO DE INDIZACION - NO CONTROLADO
Término no controlado UNIVERSIDADES
904 ## - ELEMENTOS DE DATOS D LOCAL, LDD (RLIN)
a AC
b 043486
905 ## - TIPO DE MATERIAL
Tipo de material Articulo

No items available.